Vplyv nemeckého akciového trhu na akciové trhy krajín V4
Existencia kauzálnej závislosti medzi nemeckým akciovým trhom a akciovými trhmi krajín V4 v období rokov 1999–2018. Komparácia rozdielov medzi predkrízovým (1999–2007) a pokrízovým (2010–2018) obdobím, v snahe o lepšie pochopenie dynamiky vzťahu medzi nemeckým akciovým trhom a akciovými trhmi krajín...
Saved in:
| Main Author: | |
|---|---|
| Other Authors: | , |
| Format: | Book Chapter |
| Language: | Slovak |
| Subjects: | |
| Tags: |
No Tags, Be the first to tag this record!
|
MARC
| LEADER | 00000naa a2200000 4500 | ||
|---|---|---|---|
| 001 | 0270146 | ||
| 005 | 20250314124249.8 | ||
| 041 | 0 | |a slo | |
| 044 | |a CZ | ||
| 245 | 1 | 0 | |a Vplyv nemeckého akciového trhu na akciové trhy krajín V4 |c Peter Árendáš, Božena Chovancová, Ľuboš Pavelka |
| 520 | |a Existencia kauzálnej závislosti medzi nemeckým akciovým trhom a akciovými trhmi krajín V4 v období rokov 1999–2018. Komparácia rozdielov medzi predkrízovým (1999–2007) a pokrízovým (2010–2018) obdobím, v snahe o lepšie pochopenie dynamiky vzťahu medzi nemeckým akciovým trhom a akciovými trhmi krajín V4. | ||
| 610 | 2 | 0 | |a trh akciový |
| 610 | 2 | 0 | |a Vyšehradská štvorka |
| 610 | 2 | 0 | |a volatilita |
| 610 | 2 | 0 | |a výnosy |
| 610 | 2 | 0 | |a Nemecko |
| 610 | 2 | 0 | |a Slovensko |
| 100 | 1 | |a Árendáš, Peter, 1986- | |
| 700 | 1 | |a Chovancová, Božena | |
| 700 | 1 | |a Pavelka, Ľuboš, 1962- | |